A Beatles jelenség hatása a turizmusra és vendéglátásra

Bibliographic Details
Main Author: Aszódi Júlia
Other Authors: Erdélyi PhD Éva
Format: Thesis
Kulcsszavak:The Beatles
Kreatív szektor
Turizmus és vendéglátás
Online Access:http://dolgozattar.uni-bge.hu/13004

MARC

LEADER 00000nta a2200000 i 4500
001 dolg13004
005 20180502145901.0
008 171128suuuu hu om 000 hun d
040 |a BGE Dolgozattár Repozitórium  |b hun 
041 |a hu 
100 1 |a Aszódi Júlia 
245 1 2 |a A Beatles jelenség hatása a turizmusra és vendéglátásra  |c Aszódi Júlia  |h [elektronikus dokumentum] 
695 |a The Beatles 
695 |a Kreatív szektor 
695 |a Turizmus és vendéglátás 
700 1 |a Erdélyi PhD Éva  |e ths 
856 4 0 |u http://dolgozattar.uni-bge.hu/13004/1/%C3%96sszef%C5%B1z%C3%B6tt%20legv%C3%A9glegesebb.pdf  |z Dokumentum-elérés